LEADER 00912nam a2200205 4500 001 000000360276 003 CaOOAMICUS 005 20241011130504.0 008 241011s1911 it 000 u ita r 040 $aSeMil$bita 100 1 $aChiaudano, Giuseppe.$0(OLS)http://semarc/name/14386 245 13$aLa Storia della Chiesa Antica di mons. Duchesne considerata in rapporto alla fede cattolica /$cp. Giuseppe Chiaudano. 264 1$aTorino :$bG. Cajelli e O.,$c1911. 300 $a39 p. ;$c23 cm 650 4$aDuchesne, Louis.$0(OLS)http://semarc/subject/15670 850 $aSeMil 852 $aSeMil$W1$xVenegono$y1$m5D IV 3/15$j251569$B251302$CSeMilBibl$Z2$F251302 $8B 996 $6245$aLa Storia della Chiesa Antica di mons. Duchesne considerata in rapporto alla fede cattolica$9(OLS)http://semarc/title/450752 996 $6264$aTorino :$bG. Cajelli e O.$9(OLS)http://semarc/publisher/62026 LEADER 01215nam a2200253 i 4500 001 000000033554 003 CaOOAMICUS 005 20211018140129.0 008 180830s2014 it u000 u ita u 040 $aSeMil$bita 100 1 $aGargano, Guido Innocenzo,$c.$0(OLS)http://semarc/name/1202 245 10$aLezioni di teologia trinitaria /$cGuido Innocenzo Gargano. 260 $aRoma :$bUrbaniana University Press,$c2014-2015. 300 $a2 v. ;$c24 cm. 490 1 $aManuali. Teologia. Strumenti di studio e ricerca 650 4$aTeologia trinitaria - Manuali.$0(OLS)http://semarc/subject/5360 774 0 $tDalla lex orandi alla lex credenti.$kManuali. Teologia. Strumenti di studio e ricerca$z978-88-401-7048-0$g1$w()137806 774 0 $tModi di contemplare il mistero.$kManuali. Teologia. Strumenti di studio e ricerca$z978-88-401-7053-4$g2$w()252349 830 0$aManuali. Teologia. Strumenti di studio e ricerca.$0(OLS)http://semarc/title/402075 900 1 $aGargano, Innocenzo. 996 $6245$aLezioni di teologia trinitaria$9(OLS)http://semarc/title/402076 996 $6260$aRoma :$bUrbaniana University Press$9(OLS)http://semarc/publisher/30426